[Event "SUI-chT"]
[Site "Switzerland"]
[Date "2006.10.01"]
[Round "9.2"]
[White "Kortschnoj, Viktor Lvovich"]
[Black "Hort, Vlastimil"]
[Result "1-0"]
[WhiteElo "2596"]
[BlackElo "2522"]
[PlyCount "171"]
[EventDate "2006.02.26"]
[EventType "team-tourn"]
[EventRounds "9"]
[EventCountry "SUI"]
[SourceTitle "EXT 2007"]
[Source "ChessBase"]
[SourceDate "2006.11.23"]
[SourceVersion "1"]
[SourceVersionDate "2006.11.23"]
[SourceQuality "1"]
[WhiteTeam "Zuerich"]
[BlackTeam "Reichenstein"]
[WhiteTeamCountry "SUI"]
[BlackTeamCountry "SUI"]

1. d4 d5 2. c4 c6 3. Nc3 Nf6 4. e3 g6 5. Nf3 Bg7 6. Bd3 O-O 7. O-O Be6 8. cxd5
cxd5 9. Qb3 b6 10. Qa4 Bd7 11. Qa3 Bc6 12. b4 Bb7 13. Qb3 Nbd7 14. Bb2 Qb8 15.
Rac1 Rc8 16. Rc2 a6 17. Rfc1 e6 18. b5 axb5 19. Nxb5 Rxc2 20. Rxc2 Ne8 21. Ba3
Qd8 22. h3 Rc8 23. Nd6 Nxd6 24. Bxd6 Bf8 25. Bf4 f6 26. Bb5 Nb8 27. Rxc8 Qxc8
28. Ba4 Qd8 29. Bxb8 Qxb8 30. Qxb6 Bd6 31. Bb5 Kf8 32. a4 Ke7 33. Nd2 Bc7 34.
Qc5+ Bd6 35. Qc3 Qc7 36. Qxc7+ Bxc7 37. Nb3 Kd6 38. Nc5 Bc8 39. Ba6 Bd7 40. Bb5
Bc8 41. Kf1 e5 42. Ke2 g5 43. Nb3 h5 44. a5 h4 45. Kd2 e4 46. Kc3 f5 47. Kb4 f4
48. Nd2 Bd8 49. a6 Bb6 50. Be2 Kc6 51. Nb1 f3 52. gxf3 Bxh3 53. fxe4 dxe4 54.
Nc3 Bg2 55. d5+ Kd6 56. Kb5 Ba7 57. Kc4 Bb6 58. Nb5+ Ke5 59. d6 Bh3 60. a7 Be6+
61. Kc3 Bxa7 62. Nxa7 h3 63. Bf1 Bg4 64. Nb5 h2 65. Bg2 Bf3 66. Bxf3 exf3 67.
d7 h1=Q 68. d8=Q Qc1+ 69. Kb4 Qb2+ 70. Kc5 Qc2+ 71. Kb6 Qxf2 72. Qd4+ Ke6 73.
Nc7+ Kf7 74. Nd5 Kg6 75. Qe4+ Kh6 76. Qe6+ Kg7 77. Qf6+ Kh7 78. Qxg5 Qb2+ 79.
Kc6 Qc2+ 80. Kd6 Qg6+ 81. Nf6+ Kg7 82. Qxg6+ Kxg6 83. Ne4 Kh5 84. Nf2 Kh4 85.
e4 Kg3 86. Nd3 1-0

[Event "Geller Memorial"]
[Site "Odessa"]
[Date "2006.07.03"]
[Round "5"]
[White "Kortschnoj, Viktor Lvovich"]
[Black "Ivanchuk, Vassily"]
[Result "1-0"]
[WhiteElo "2607"]
[BlackElo "2731"]
[PlyCount "79"]
[EventDate "2006.07.02"]
[EventType "tourn (rapid)"]
[EventRounds "9"]
[EventCountry "UKR"]
[EventCategory "12"]
[SourceTitle "CBM 113 Extra"]
[Source "ChessBase"]
[SourceDate "2006.09.14"]
[SourceVersion "1"]
[SourceVersionDate "2006.09.14"]
[SourceQuality "1"]

1. d4 d6 2. g3 g6 3. Bg2 Bg7 4. Nf3 Nf6 5. O-O O-O 6. b3 a5 7. Nc3 Nbd7 8. a4
Re8 9. Ba3 d5 10. Ne5 c6 11. f4 Nxe5 12. fxe5 Ng4 13. Bc1 f6 14. h3 fxe5 15.
hxg4 exd4 16. Na2 Bxg4 17. Bf3 Bf5 18. g4 Bd7 19. Bg5 Qb6 20. Qd2 e5 21. e4
dxe3 22. Qxe3 Qc7 23. Rad1 e4 24. Bf4 Qc8 25. Bg2 Bxg4 26. Rd2 Qd8 27. c3 Rf8
28. Nc1 Qh4 29. Ne2 Bxe2 30. Rxe2 Bxc3 31. Bh3 Qf6 32. Kh1 Bd4 33. Qg3 Qe7 34.
Rd1 Bc5 35. Bh6 Rf7 36. Bg5 Qe8 37. Bg4 h5 38. Bxh5 gxh5 39. Bf6+ Kf8 40. Rg2
1-0

[Event "Geller Memorial"]
[Site "Odessa"]
[Date "2006.07.03"]
[Round "6"]
[White "Zhukova, Natalia"]
[Black "Kortschnoj, Viktor Lvovich"]
[Result "0-1"]
[WhiteElo "2425"]
[BlackElo "2607"]
[PlyCount "86"]
[EventDate "2006.07.02"]
[EventType "tourn (rapid)"]
[EventRounds "9"]
[EventCountry "UKR"]
[EventCategory "12"]
[SourceTitle "CBM 113 Extra"]
[Source "ChessBase"]
[SourceDate "2006.09.14"]
[SourceVersion "1"]
[SourceVersionDate "2006.09.14"]
[SourceQuality "1"]

1. d4 Nf6 2. c4 e6 3. Nf3 Bb4+ 4. Nbd2 b6 5. a3 Bxd2+ 6. Qxd2 Bb7 7. e3 Ne4 8.
Qc2 Ng5 9. Nxg5 Qxg5 10. f3 Qh4+ 11. Qf2 Qf6 12. e4 d6 13. Be3 c5 14. e5 dxe5
15. dxc5 Nd7 16. cxb6 axb6 17. Bxb6 e4 18. Be3 O-O 19. fxe4 Qg6 20. Be2 Nf6 21.
Bf3 Nxe4 22. Qe2 e5 23. O-O f5 24. Rae1 Qe6 25. Qc2 Rfc8 26. c5 Bd5 27. Rc1 h6
28. Kh1 Bb3 29. Qe2 Ra4 30. Qb5 Kh8 31. Bd1 Bxd1 32. Rfxd1 Raa8 33. Qd7 Qg6 34.
c6 Qh5 35. Kg1 f4 36. Bb6 Qe2 37. b4 f3 38. gxf3 Ng5 39. Bf2 Nxf3+ 40. Kg2 Rf8
41. Rf1 Qe4 42. Bg3 Rad8 43. Qxd8 Ng5+ 0-1

[Event "SUI-ch"]
[Site "Lenzerheide"]
[Date "2006.07.16"]
[Round "4"]
[White "Kuemin, Simon"]
[Black "Kortschnoj, Viktor Lvovich"]
[Result "0-1"]
[WhiteElo "2389"]
[BlackElo "2600"]
[PlyCount "70"]
[EventDate "2006.07.13"]
[EventType "tourn"]
[EventRounds "9"]
[EventCountry "SUI"]
[EventCategory "9"]
[SourceTitle "CBM 113 Extra"]
[Source "ChessBase"]
[SourceDate "2006.09.14"]
[SourceVersion "1"]
[SourceVersionDate "2006.09.14"]
[SourceQuality "1"]

1. d4 Nf6 2. c4 e6 3. g3 c5 4. Nf3 cxd4 5. Nxd4 d5 6. Bg2 e5 7. Nf3 d4 8. O-O
Nc6 9. e3 Bg4 10. Qa4 Qd7 11. exd4 Bxf3 12. Bxf3 Nxd4 13. Qxd7+ Kxd7 14. Bd1
Rc8 15. Nd2 Bb4 16. Nf3 Nxf3+ 17. Bxf3 Rxc4 18. Bxb7 Rb8 19. Ba6 Rc6 20. Rd1+
Ke7 21. Bf1 Bc5 22. Bg2 Rcb6 23. b3 Ng4 24. Rd2 Rf6 25. Bb2 Rxf2 26. Rxf2 Bxf2+
27. Kf1 Bd4 28. Bxd4 exd4 29. Re1+ Ne3+ 30. Kf2 Rc8 31. Be4 f5 32. Bd3 Kf6 33.
Ke2 g5 34. Kd2 Ke5 35. Rg1 Rc6 0-1

[Event "SUI-ch"]
[Site "Lenzerheide"]
[Date "2006.07.17"]
[Round "5"]
[White "Kortschnoj, Viktor Lvovich"]
[Black "Wirthensohn, Heinz"]
[Result "1-0"]
[WhiteElo "2600"]
[BlackElo "2397"]
[PlyCount "115"]
[EventDate "2006.07.13"]
[EventType "tourn"]
[EventRounds "9"]
[EventCountry "SUI"]
[EventCategory "9"]
[SourceTitle "CBM 113 Extra"]
[Source "ChessBase"]
[SourceDate "2006.09.14"]
[SourceVersion "1"]
[SourceVersionDate "2006.09.14"]
[SourceQuality "1"]

1. d4 d5 2. c4 c6 3. Nc3 Nf6 4. e3 g6 5. Nf3 Bg7 6. Bd3 O-O 7. O-O dxc4 8. Bxc4
Bg4 9. Be2 Nbd7 10. e4 Bxf3 11. Bxf3 e5 12. d5 cxd5 13. exd5 Nb6 14. a4 Nc4 15.
Qb3 Nd6 16. a5 Qd7 17. Re1 e4 18. Be2 Qf5 19. Be3 Rfc8 20. Rad1 Nfe8 21. g3 Qd7
22. Bf1 Qd8 23. Bd2 Qxa5 24. Bh3 Rd8 25. Nxe4 Qb5 26. Qxb5 Nxb5 27. Bg5 f6 28.
Be6+ Kh8 29. Bf4 f5 30. Nc5 Ned6 31. Rd3 b6 32. Nd7 Ne4 33. Ne5 Nbd6 34. Nc6
Re8 35. h4 Bxb2 36. f3 Nc5 37. Rd2 Bc3 38. Rc2 Nxe6 39. Rxe6 Rxe6 40. dxe6 Nb5
41. Rxc3 Nxc3 42. Be5+ Kg8 43. Bxc3 Re8 44. e7 Kf7 45. Bb4 a5 46. Nd8+ Kf6 47.
Ba3 b5 48. Bd6 a4 49. Bb4 Ke5 50. Kf2 Kd5 51. Nf7 h6 52. Ke3 Ke6 53. Nd8+ Kd5
54. Kd3 g5 55. h5 g4 56. fxg4 fxg4 57. Nf7 Ra8 58. Nd8 1-0

[Event "SUI-ch"]
[Site "Lenzerheide"]
[Date "2006.07.20"]
[Round "8"]
[White "Kortschnoj, Viktor Lvovich"]
[Black "Landenbergue, Claude"]
[Result "1-0"]
[WhiteElo "2600"]
[BlackElo "2440"]
[PlyCount "105"]
[EventDate "2006.07.13"]
[EventType "tourn"]
[EventRounds "9"]
[EventCountry "SUI"]
[EventCategory "9"]
[SourceTitle "CBM 113 Extra"]
[Source "ChessBase"]
[SourceDate "2006.09.14"]
[SourceVersion "1"]
[SourceVersionDate "2006.09.14"]
[SourceQuality "1"]

1. d4 Nf6 2. c4 e6 3. Nc3 Bb4 4. e3 c5 5. Nge2 d5 6. a3 Bxc3+ 7. Nxc3 cxd4 8.
exd4 Nc6 9. c5 O-O 10. Bf4 Ne4 11. Nxe4 dxe4 12. Bd6 Re8 13. Rc1 Bd7 14. Rc3
Ne7 15. g4 Nd5 16. Rg3 Bb5 17. Bxb5 Qa5+ 18. Kf1 Qxb5+ 19. Kg2 Qc6 20. Re1 e3
21. Qf3 exf2 22. Kxf2 Rad8 23. Kg1 Rxd6 24. cxd6 Qxd6 25. Rg2 Rc8 26. Rf1 Rc7
27. g5 Qe7 28. h4 Rc4 29. Rgf2 f5 30. gxf6 Nxf6 31. Qg3 Qc7 32. Qe5 Qd7 33. Rg2
Ne8 34. Rg4 h6 35. Re1 Kf7 36. b3 Rc6 37. Qh5+ Ke7 38. d5 Rd6 39. dxe6 Rxe6 40.
Qc5+ Kf7 41. Rxe6 Qxe6 42. Qc4 Qxc4 43. Rxc4 Ke6 44. Ra4 a6 45. Rd4 g5 46. Rd8
Ke7 47. Rb8 Nd6 48. h5 Kd7 49. Kg2 a5 50. Rh8 Nf7 51. Ra8 Nd8 52. Rxa5 Ne6 53.
Kg3 1-0

[Event "EU-ch Seniors 06th"]
[Site "Davos"]
[Date "2006.08.07"]
[Round "3"]
[White "Kortschnoj, Viktor Lvovich"]
[Black "Malisov, Boris"]
[Result "1-0"]
[WhiteElo "2603"]
[BlackElo "2324"]
[PlyCount "45"]
[EventDate "2006.08.05"]
[EventType "swiss"]
[EventRounds "9"]
[EventCountry "SUI"]
[SourceTitle "CBM 113 Extra"]
[Source "ChessBase"]
[SourceDate "2006.09.14"]
[SourceVersion "1"]
[SourceVersionDate "2006.09.14"]
[SourceQuality "1"]

1. Nf3 g6 2. c4 Bg7 3. d4 c5 4. e4 Qa5+ 5. Nc3 Nc6 6. d5 Nd4 7. Bd2 d6 8. Nxd4
cxd4 9. Nb5 Qd8 10. Bb4 a5 11. Ba3 Bd7 12. Nxd4 Nf6 13. Bd3 a4 14. Bb4 O-O 15.
Bc2 Qb6 16. Bc3 e6 17. dxe6 fxe6 18. O-O Rac8 19. Nf3 Nh5 20. Bxg7 Nf4 21. Bd4
Qa6 22. Qd2 b5 23. Be3 1-0

[Event "EU-ch Seniors 06th"]
[Site "Davos"]
[Date "2006.08.08"]
[Round "4"]
[White "Ivkov, Borislav"]
[Black "Kortschnoj, Viktor Lvovich"]
[Result "0-1"]
[WhiteElo "2428"]
[BlackElo "2603"]
[PlyCount "86"]
[EventDate "2006.08.05"]
[EventType "swiss"]
[EventRounds "9"]
[EventCountry "SUI"]
[SourceTitle "CBM 113 Extra"]
[Source "ChessBase"]
[SourceDate "2006.09.14"]
[SourceVersion "1"]
[SourceVersionDate "2006.09.14"]
[SourceQuality "1"]

1. d4 Nf6 2. c4 e6 3. Nf3 b6 4. g3 Bb7 5. Bg2 Bb4+ 6. Bd2 a5 7. O-O O-O 8. Bg5
Be7 9. Nc3 h6 10. Bxf6 Bxf6 11. e4 d6 12. e5 dxe5 13. dxe5 Be7 14. Qc2 Bc5 15.
Rad1 Qe7 16. Ng5 Qxg5 17. Bxb7 Ra7 18. Bg2 c6 19. Qe4 Rd7 20. Rxd7 Nxd7 21. Na4
Qxe5 22. Rd1 Qxe4 23. Bxe4 Ne5 24. b3 f5 25. Bg2 g5 26. Nxc5 bxc5 27. Re1 Nd3
28. Rxe6 Kg7 29. Bxc6 Rf6 30. Re7+ Kf8 31. Rc7 Re6 32. Bd5 Re7 33. Rc6 Kg7 34.
Be6 f4 35. Kg2 f3+ 36. Kg1 g4 37. h3 gxh3 38. Rd6 h2+ 39. Kxh2 Nxf2 40. Bd5
Ng4+ 41. Kh3 f2 42. Bg2 Ne3 43. Rd2 Rf7 0-1

[Event "EU-ch Seniors 06th"]
[Site "Davos"]
[Date "2006.08.10"]
[Round "6"]
[White "Klundt, Klaus"]
[Black "Kortschnoj, Viktor Lvovich"]
[Result "0-1"]
[WhiteElo "2380"]
[BlackElo "2603"]
[PlyCount "109"]
[EventDate "2006.08.05"]
[EventType "swiss"]
[EventRounds "9"]
[EventCountry "SUI"]
[SourceTitle "CBM 113 Extra"]
[Source "ChessBase"]
[SourceDate "2006.09.14"]
[SourceVersion "1"]
[SourceVersionDate "2006.09.14"]
[SourceQuality "1"]

1. e4 e6 2. d4 d5 3. Nd2 c5 4. exd5 exd5 5. Ngf3 Nc6 6. Bb5 Bd6 7. dxc5 Bxc5 8.
O-O Nge7 9. Nb3 Bd6 10. Bg5 O-O 11. Bh4 Qb6 12. Bd3 a5 13. a4 Nf5 14. Bxf5 Bxf5
15. Qxd5 Bxc2 16. Qxd6 Bxb3 17. Rfe1 f6 18. Bg3 Rad8 19. Qa3 Rd3 20. Bd6 Rd8
21. Qc5 Qxc5 22. Bxc5 Bd1 23. Nh4 R8d5 24. Bb6 g6 25. f4 Kf7 26. g3 Nb4 27. Rc1
Nc6 28. Ra1 Nb4 29. Rc1 Bxa4 30. Rc7+ Rd7 31. Rxd7+ Bxd7 32. Bxa5 Nd5 33. Re2
Rb3 34. Ng2 Bf5 35. Be1 Bd3 36. Rd2 Be4 37. Bf2 h6 38. Bd4 g5 39. fxg5 hxg5 40.
Kf2 Kg6 41. Ne3 Nxe3 42. Bxe3 Kh5 43. Bd4 b5 44. Ke1 f5 45. Bf6 Kg4 46. Rd8 b4
47. Rg8 Kf3 48. Rxg5 Re3+ 49. Kd2 Rd3+ 50. Ke1 Rd6 51. Be7 Rd7 52. Bxb4 Bc2 53.
Bd2 Re7+ 54. Kf1 Ra7 55. Be1 0-1

[Event "EU-ch Seniors 06th"]
[Site "Davos"]
[Date "2006.08.12"]
[Round "8"]
[White "Kortschnoj, Viktor Lvovich"]
[Black "Uhlmann, Wolfgang"]
[Result "1-0"]
[WhiteElo "2603"]
[BlackElo "2413"]
[PlyCount "83"]
[EventDate "2006.08.05"]
[EventType "swiss"]
[EventRounds "9"]
[EventCountry "SUI"]
[SourceTitle "CBM 113 Extra"]
[Source "ChessBase"]
[SourceDate "2006.09.14"]
[SourceVersion "1"]
[SourceVersionDate "2006.09.14"]
[SourceQuality "1"]

1. d4 Nf6 2. c4 g6 3. Nc3 Bg7 4. e4 O-O 5. Bg5 d6 6. h3 c5 7. d5 e6 8. Nf3 exd5
9. cxd5 b6 10. Bb5 a6 11. Bd3 b5 12. a3 Nbd7 13. O-O c4 14. Bc2 Nc5 15. Nd4 h6
16. Bf4 Re8 17. Nc6 Qc7 18. Qf3 Bb7 19. Rad1 Nfd7 20. Qg3 Bxc6 21. Bxd6 Qb6 22.
dxc6 Qxc6 23. Nd5 Bxb2 24. Ne7+ Rxe7 25. Bxe7 Qe6 26. Bxc5 Nxc5 27. Qe3 Qe7 28.
f4 Re8 29. e5 Ne6 30. Kh2 Qxa3 31. Qe4 Ng7 32. Qd5 Rf8 33. Rf3 Qa2 34. Rd2 Ne6
35. Bxg6 Rd8 36. Bxf7+ Kxf7 37. Qb7+ Kf8 38. Rxd8+ Nxd8 39. Qd7 Qa5 40. Rg3 Ba3
41. Qf5+ Nf7 42. e6 1-0

[Event "Lluis Muratet rap 2nd"]
[Site "Banyoles"]
[Date "2006.08.16"]
[Round "4"]
[White "Kortschnoj, Viktor Lvovich"]
[Black "Fluvia Poyatos, Jordi"]
[Result "1-0"]
[WhiteElo "2600"]
[BlackElo "2482"]
[PlyCount "83"]
[EventDate "2006.08.16"]
[EventType "swiss (rapid)"]
[EventRounds "9"]
[EventCountry "ESP"]
[SourceTitle "EXT 2007"]
[Source "ChessBase"]
[SourceDate "2006.11.23"]
[SourceVersion "1"]
[SourceVersionDate "2006.11.23"]
[SourceQuality "1"]

1. d4 d5 2. c4 e5 3. dxe5 d4 4. Nf3 Nc6 5. a3 a5 6. e3 Bc5 7. exd4 Bxd4 8. Be2
Bf5 9. O-O Nge7 10. Nc3 O-O 11. Be3 Bxe5 12. Nxe5 Nxe5 13. Qb3 Qc8 14. Rad1 Re8
15. Rfe1 Ra6 16. Nd5 Nxd5 17. cxd5 Rg6 18. Bf4 Nd7 19. Bh5 Rxe1+ 20. Rxe1 Rf6
21. Qe3 h6 22. Qe8+ Qxe8 23. Rxe8+ Kh7 24. Bxc7 a4 25. Bd8 g6 26. Bxf6 Nxf6 27.
Re7 gxh5 28. Rxf7+ Kg6 29. Rxb7 Nxd5 30. Rb5 Nf4 31. Rb6+ Kg7 32. Rb4 Nd3 33.
Rxa4 Nxb2 34. Ra7+ Kf6 35. a4 Bd3 36. a5 Na4 37. Rd7 Be4 38. Rd6+ Kg5 39. a6
Nc3 40. f3 Ba8 41. Rd8 Bc6 42. a7 1-0

[Event "EU-Cup 22nd"]
[Site "Fuegen"]
[Date "2006.10.08"]
[Round "1.1"]
[White "Jelling, Erik"]
[Black "Kortschnoj, Viktor Lvovich"]
[Result "0-1"]
[WhiteElo "2393"]
[BlackElo "2607"]
[PlyCount "86"]
[EventDate "2006.10.08"]
[EventType "team-swiss"]
[EventRounds "7"]
[EventCountry "AUT"]
[SourceTitle "CBM 115"]
[Source "ChessBase"]
[SourceDate "2006.11.15"]
[SourceVersion "1"]
[SourceVersionDate "2006.11.15"]
[SourceQuality "1"]
[WhiteTeam "Aarhus"]
[BlackTeam "Zuerich"]
[WhiteTeamCountry "DEN"]
[BlackTeamCountry "SUI"]

1. d4 Nf6 2. Nf3 e6 3. c3 b6 4. Bf4 Bb7 5. Nbd2 d6 6. e3 Be7 7. Bd3 Nh5 8. Bg3
Nd7 9. e4 c5 10. Qe2 cxd4 11. cxd4 Nxg3 12. hxg3 a6 13. a4 g6 14. O-O O-O 15.
Rfc1 Nb8 16. g4 Nc6 17. Qe3 Nb4 18. g3 Rc8 19. Rc3 Rxc3 20. bxc3 Nxd3 21. Qxd3
d5 22. e5 Qc7 23. Re1 Rc8 24. Nb1 Qc4 25. Qe3 Qxa4 26. Kg2 Qc2 27. Qf4 Rf8 28.
Ng5 f6 29. Nxe6 fxe5 30. Qd2 Qxd2 31. Nxd2 Rc8 32. Rxe5 Rxc3 33. Nf3 Bd6 34.
Re2 Rc8 35. g5 Re8 36. Nf4 Rxe2 37. Nxe2 b5 38. Kf1 b4 39. Ke1 a5 40. Kd2 Ba6
41. Nf4 Bc4 42. Ne5 Bxe5 43. dxe5 d4 0-1

[Event "EU-Cup 22nd"]
[Site "Fuegen"]
[Date "2006.10.11"]
[Round "4.1"]
[White "Kortschnoj, Viktor Lvovich"]
[Black "Pilgaard, Kim"]
[Result "1-0"]
[WhiteElo "2607"]
[BlackElo "2421"]
[PlyCount "167"]
[EventDate "2006.10.08"]
[EventType "team-swiss"]
[EventRounds "7"]
[EventCountry "AUT"]
[SourceTitle "CBM 115"]
[Source "ChessBase"]
[SourceDate "2006.11.15"]
[SourceVersion "1"]
[SourceVersionDate "2006.11.15"]
[SourceQuality "1"]
[WhiteTeam "Zuerich"]
[BlackTeam "Bronshoj"]
[WhiteTeamCountry "SUI"]
[BlackTeamCountry "DEN"]

1. d4 Nf6 2. c4 e6 3. Nc3 Bb4 4. Qc2 Nc6 5. Nf3 d6 6. Bd2 O-O 7. a3 Bxc3 8.
Bxc3 Qe7 9. h3 e5 10. d5 Nd8 11. g4 c6 12. dxc6 bxc6 13. c5 d5 14. Bxe5 Ne4 15.
Rc1 f5 16. Bg2 fxg4 17. hxg4 h6 18. g5 Bf5 19. gxh6 gxh6 20. Bd6 Nxd6 21. cxd6
Qxd6 22. Qd2 Rf6 23. Nd4 Bd7 24. Rc3 Nf7 25. Bh3 Rf8 26. Bxd7 Qxd7 27. Qc1 Ng5
28. Rxc6 Qg4 29. Rxf6 Rxf6 30. Qe3 Qg2 31. Rf1 Qe4 32. Qxe4 dxe4 33. Kd2 Kg7
34. Ke3 h5 35. Rh1 Kg6 36. Rh4 Rb6 37. b3 a6 38. b4 Rb8 39. Rf4 Rc8 40. Rf5 Rc4
41. Rc5 Rxc5 42. bxc5 h4 43. c6 h3 44. Nf5 h2 45. Ng3 Ne6 46. Kxe4 Kf6 47. e3
Ke7 48. Kf3 Kd6 49. Kg2 Kxc6 50. Nf5 Kd5 51. Kxh2 a5 52. Kg3 a4 53. Nd4 Nc5 54.
f3 Nb3 55. f4 Ke4 56. f5 Nc5 57. f6 Nd7 58. f7 Kxe3 59. Ne6 Kd2 60. Nc5 Nf8 61.
Nxa4 Ke3 62. Nc3 Kd4 63. a4 Kc5 64. Kf2 Kd6 65. Ne4+ Ke6 66. Ng5+ Kd5 67. Ke1
Kc4 68. Ne4 Kb4 69. Nc3 Kc5 70. Kd2 Nd7 71. a5 Nf8 72. Kc2 Kc6 73. Kb3 Ne6 74.
Kb4 Nf8 75. Ne4 Ng6 76. Nc5 Nf8 77. Nb3 Kc7 78. Nd4 Kb7 79. Kc5 Kc7 80. Kd5 Kd7
81. Nb3 Kc7 82. Nc5 Ng6 83. Ne6+ Kb7 84. Ke4 1-0

[Event "BL2-Nord 0607"]
[Site "Germany"]
[Date "2007.02.04"]
[Round "5.1"]
[White "Predojevic, Borki"]
[Black "Kortschnoj, Viktor Lvovich"]
[Result "0-1"]
[WhiteElo "2590"]
[BlackElo "2605"]
[PlyCount "100"]
[EventDate "2006.10.15"]
[EventType "team-tourn"]
[EventRounds "9"]
[EventCountry "GER"]
[SourceTitle "EXT 2008"]
[Source "ChessBase"]
[SourceDate "2007.11.25"]
[SourceVersion "1"]
[SourceVersionDate "2007.11.25"]
[SourceQuality "1"]
[WhiteTeam "Zehlendorf"]
[BlackTeam "Ruedersdorf"]
[WhiteTeamCountry "GER"]
[BlackTeamCountry "GER"]

1. e4 e6 2. d4 d5 3. Nc3 Nf6 4. e5 Nfd7 5. f4 c5 6. Nf3 Nc6 7. Be3 a6 8. Qd2 b5
9. a3 Qa5 10. Ra2 Qc7 11. Ne2 Bb7 12. g3 cxd4 13. Nfxd4 Nc5 14. Bg2 Ne4 15. Qd1
Bc5 16. O-O O-O 17. Kh1 b4 18. axb4 Nxb4 19. Ra1 a5 20. c3 Nc6 21. Qa4 Ne7 22.
Rfe1 Qb6 23. Bg1 h5 24. Qc2 Rfc8 25. Bf3 h4 26. Kg2 Nf5 27. Rad1 a4 28. Nxf5
exf5 29. Nd4 Qg6 30. Bxe4 dxe4 31. Be3 Ba6 32. Ra1 Bxd4 33. Bxd4 e3 34. Rxe3
Bb7+ 35. Kf2 a3 36. bxa3 Qc6 37. Rg1 Rxa3 38. e6 Qd5 39. exf7+ Kxf7 40. gxh4
Ra2 41. Rxg7+ Kf8 42. Qxa2 Qxa2+ 43. Re2 Qd5 44. Rh7 Ra8 45. Rh8+ Kf7 46. Rh7+
Kg6 47. Rg7+ Kh6 48. Rg3 Ra2 49. Be5 Rxe2+ 50. Kxe2 Ba6+ 0-1

[Event "EU-chT Seniors 09th"]
[Site "Dresden"]
[Date "2007.02.18"]
[Round "3"]
[White "Kortschnoj, Viktor Lvovich"]
[Black "Westerinen, Heikki MJ"]
[Result "1-0"]
[WhiteElo "2629"]
[BlackElo "2402"]
[PlyCount "81"]
[EventDate "2007.02.16"]
[EventType "team-swiss"]
[EventRounds "9"]
[EventCountry "GER"]
[SourceTitle "CBM 117 Extra"]
[Source "ChessBase"]
[SourceDate "2007.05.09"]
[SourceVersion "1"]
[SourceVersionDate "2007.05.09"]
[SourceQuality "1"]

1. d4 Nf6 2. c4 g6 3. Nc3 Bg7 4. e4 d6 5. f3 O-O 6. Be3 Nc6 7. Nge2 Rb8 8. Qd2
a6 9. Rc1 Bd7 10. Nd1 b5 11. c5 dxc5 12. Rxc5 e6 13. g3 Qe7 14. Bg2 Rfc8 15.
Nf2 e5 16. d5 Nd8 17. f4 Nb7 18. Rc1 Ng4 19. Nxg4 Bxg4 20. O-O Nd6 21. Bc5 Qe8
22. b3 exf4 23. Nxf4 g5 24. Nd3 Nxe4 25. Bxe4 Qxe4 26. Nb4 Rd8 27. Nc6 Kh8 28.
Rce1 Qg6 29. Nxb8 Rxb8 30. Re7 f6 31. Bd4 Rf8 32. Rxc7 Bh3 33. Re1 Qf5 34. d6
h6 35. Qf2 Qd3 36. Qe3 Qf5 37. Qe4 Qxe4 38. Rxe4 Rd8 39. Ree7 Rxd6 40. Bc5 Rd4
41. Kf2 1-0

[Event "EU-chT Seniors 09th"]
[Site "Dresden"]
[Date "2007.02.24"]
[Round "9"]
[White "Boehnisch, Manfred"]
[Black "Kortschnoj, Viktor Lvovich"]
[Result "0-1"]
[WhiteElo "2378"]
[BlackElo "2629"]
[PlyCount "64"]
[EventDate "2007.02.16"]
[EventType "team-swiss"]
[EventRounds "9"]
[EventCountry "GER"]
[SourceTitle "CBM 117 Extra"]
[Source "ChessBase"]
[SourceDate "2007.05.09"]
[SourceVersion "1"]
[SourceVersionDate "2007.05.09"]
[SourceQuality "1"]

1. e4 c5 2. Nf3 e6 3. b3 d6 4. c4 Nc6 5. Nc3 Be7 6. g3 Bf6 7. Bg2 Nge7 8. O-O
O-O 9. Bb2 a6 10. Qe2 Rb8 11. Nd1 Bxb2 12. Nxb2 e5 13. Ne1 b5 14. d3 Nd4 15.
Qd2 Nec6 16. Nd1 Bg4 17. f3 Bd7 18. Ne3 a5 19. N1c2 bxc4 20. Nxd4 Nxd4 21. Nxc4
a4 22. Nxd6 axb3 23. Nc4 Be6 24. Nxe5 f6 25. Ng4 c4 26. Kh1 cxd3 27. axb3 Nxb3
28. Qa2 d2 29. Rad1 Qd4 30. Rf2 Ra8 31. Rfxd2 Rxa2 32. Rxd4 Nxd4 0-1

[Event "Cheliabinsk Arhipov Memorial"]
[Site "Cheliabinsk"]
[Date "2007.03.15"]
[Round "7"]
[White "Galstian, Beniamin"]
[Black "Kortschnoj, Viktor Lvovich"]
[Result "0-1"]
[WhiteElo "2464"]
[BlackElo "2629"]
[PlyCount "128"]
[EventDate "2007.03.09"]
[EventType "tourn"]
[EventRounds "9"]
[EventCountry "RUS"]
[EventCategory "12"]
[SourceTitle "CBM 117 Extra"]
[Source "ChessBase"]
[SourceDate "2007.05.09"]
[SourceVersion "1"]
[SourceVersionDate "2007.05.09"]
[SourceQuality "1"]

1. d4 e6 2. c4 Bb4+ 3. Nc3 Nf6 4. e3 c5 5. Nge2 cxd4 6. exd4 O-O 7. a3 Be7 8.
Nf4 d5 9. cxd5 Nxd5 10. Ncxd5 exd5 11. Bd3 Bf6 12. O-O Nc6 13. Be3 g6 14. Bc2
Kh8 15. Rc1 Qd6 16. g3 Bg7 17. h4 Ne7 18. Bb3 Bf5 19. Qd2 a5 20. Rc5 b6 21. Rc3
Rac8 22. Ne2 Bg4 23. Bf4 Qd7 24. f3 Be6 25. Rxc8 Rxc8 26. Rc1 Rxc1+ 27. Qxc1
Nf5 28. Qc3 h6 29. Kf2 Kg8 30. Bc2 Nd6 31. Bd3 Nb5 32. Bxb5 Qxb5 33. Bc7 Bc8
34. a4 Qe8 35. Bxb6 Ba6 36. Qc2 Bxe2 37. Qxe2 Qxa4 38. Qd2 Qc4 39. b3 Qxb3 40.
Bxa5 f5 41. Bc7 Kf7 42. f4 Bf8 43. Qe2 Qc4 44. Be5 Qxe2+ 45. Kxe2 Bb4 46. Bc7
Ke6 47. Be5 Kd7 48. h5 gxh5 49. Bg7 h4 50. gxh4 h5 51. Bf6 Kc6 52. Kd3 Kb5 53.
Bd8 Bd6 54. Bg5 Kb4 55. Bh6 Kb3 56. Bg5 Kb2 57. Kd2 Bb4+ 58. Kd3 Kc1 59. Ke2
Kc2 60. Bf6 Bd2 61. Be5 Kc3 62. Bd6 Bc1 63. Kd1 Be3 64. Ke2 Kxd4 0-1

[Event "Belgorod Rector Cup m"]
[Site "Belgorod"]
[Date "2007.03.13"]
[Round "1"]
[White "Ivanov, Alexander Al"]
[Black "Kortschnoj, Viktor Lvovich"]
[Result "0-1"]
[WhiteElo "2357"]
[BlackElo "2629"]
[PlyCount "58"]
[EventDate "2007.03.13"]
[EventType "match (rapid)"]
[EventRounds "5"]
[EventCountry "RUS"]
[SourceTitle "EXT 2010"]
[Source "ChessBase"]
[SourceDate "2010.11.25"]
[SourceVersion "1"]
[SourceVersionDate "2010.11.25"]
[SourceQuality "1"]

1. e4 c5 2. Nf3 e6 3. d3 d5 4. g3 Nf6 5. Qe2 Be7 6. Bg2 b6 7. O-O dxe4 8. dxe4
Ba6 9. c4 Nc6 10. e5 Nd7 11. Nc3 Rc8 12. b3 Nd4 13. Nxd4 cxd4 14. Nd1 Nc5 15.
b4 d3 16. Qg4 d2 17. Bb2 O-O 18. bxc5 Bxc5 19. Kh1 Qd3 20. Ne3 Bxe3 21. fxe3
Rxc4 22. Bd4 Rfc8 23. Rad1 Rc1 24. Qf3 Rxd1 25. Qxf7+ Kh8 26. Rxd1 Qe2 27. Qf1
Qxd1 28. Qxd1 Rc1 29. Bf3 Bb7 0-1